000 00310pab a2200121 454500
008 180718b xxu||||| |||| 00| 0 eng d
100 _aSingh, Anup K.
245 _aProfessional perspective on democracy
650 _aDemocracy
700 _aMisra, Girishwar
773 _aMonthly Public Opinion Surveys
909 _a112
999 _c112
_d112